Acuerdo de Pars̕ sobre cambio climt̀ico e instrumentos conexos ¿Pueden quitarnos la venda de los ojos? /

Bibliographic Details
Main Author: Gonzl̀ez Cortš, Juan Pablo
Format: eBook
Language:Spanish
Published: Bogot:̀ Editorial Universidad de Rosario (Colombia), 2018
Subjects:
Online Access:Acceso restringido

MARC

LEADER 00000nam a22000007a 4500
005 20181228195535.0
007 cr|||| ||||
008 181228s2018 co |||||s|||| 00||0 spa d
020 |a 978-958-784-090-2 
035 |a 22643 
040 |a vLex 
090 |c 8395  |d 8395 
100 1 |a Gonzl̀ez Cortš, Juan Pablo 
245 1 0 |a Acuerdo de Pars̕ sobre cambio climt̀ico e instrumentos conexos  |h [Recurso electrn̤ico] :  |b ¿Pueden quitarnos la venda de los ojos? /  |c Juan Pablo Gonzl̀ez Cortš 
256 |a Servicio en ln̕ea 
260 |a Bogot:̀  |b Editorial Universidad de Rosario (Colombia),  |c 2018 
300 |a 1 recurso electrn̤ico 
500 |a Recientemente se comprob ̤que el hielo del ℓrtico podra̕ llegar a desaparecer mucho antes de la mitad de este siglo por el aumento de la temperatura de la tierra. Esta circunstancia, entre otros efectos, podra̕ desencadenar en que el calentamiento global se acelere an︢ ms̀ puesto que este hielo es un gran deps̤ito de metano —el gas de efecto invernadero ms̀ poderoso—, y sirve como espejo de la radiacin̤ del sol que entra al planeta. Este es apenas un ejemplo de lo que los cientf̕icos denominan retroalimentacin̤ positiva, a saber: que los efectos del cambio en el clima impulsan a su vez las causas de este fenm̤eno, en una suerte de efecto espiral que tiende a volverse cada vez ms̀ incontrolable. El Monitor de Vulnerabilidad Climt̀ica advirti ̤que de continuar las cosas como estǹ el cambio climt̀ico junto con el sistema energťico intensivo en carbono podra̕n llegar a causar 100 millones de muertes de seres humanos al 2030. Como humanidad hemos cambiado la composicin̤ qum̕ica de la atms̤fera y hemos alterado procesos naturales como el Ciclo del carbono y el efecto invernadero, que hacen posible la vida en el planeta. El cambio climt̀ico es una manifestacin̤ de lo anterior y es generado en su gran mayora̕ por actividades humanas como la produccin̤ y quema de combustibles fs̤iles —como el carbn̤, el petrl̤eo y el gas— para satisfacer principalmente la demanda energťica en el mundo y los cambios en el uso del suelo generados por actividades como la ganadera̕, la agricultura y la tala de r̀boles. Esta obra busca determinar hasta qu ̌punto el Acuerdo de Pars̕ sobre cambio climt̀ico adoptado en 2015 y dems̀ instrumentos conexos, sirven al props̤ito de hacerle frente a un asunto que es, sin duda alguna, uno de los ms̀ importantes para nuestra era: ¿podrǹ quitarnos la venda de los ojos? Una venda que nos impide ver que tenemos que repensar nuestro rumbo como humanidad y como individuos, ya que nuestro comportamiento est ̀alterando las condiciones que hacen que la tierra sea apta para la vida. 
506 1 |a Disponible solo en los productos indicados  |d vLex Global  |d vLex Global (Academic Edition, excluding Law Schools)  |d vLex Global (U.S. Academic Edition, Law Schools)  |d vLex Global (U.S. Academic Edition, excluding Law Schools)  |d vLex Global (Academic Edition, Law Schools) 
650 0 4 |a Derecho del Medio Ambiente  |z Colombia 
740 0 |a vLex Libros (Servicio en ln̕ea) 
856 4 0 |u http://vlex.com/source/acuerdo-de-paris-sobre-cambio-climatico-e-instrumentos-conexos-pueden-quitarnos-la-venda-de-los-ojos--22643  |z Acceso restringido 
942 |c BOOK 
999 0 |a Environmental Law